|
|
|
|
| LEADER |
00888nam a22002297a 4500 |
| 001 |
39273 |
| 003 |
BD-DhAAL |
| 008 |
221128t1998 bg ||||| |||| 00| 0 eng d |
| 999 |
|
|
|c 45100
|d 45100
|
| 040 |
|
|
|a BD-DhAAL
|c BD-DhAAL
|
| 082 |
|
|
|a 330.95492
|2 23
|
| 100 |
|
|
|a Alamgir, Mohiuddin
|9 52623
|
| 245 |
|
|
|a Bangladesh 2050 /
|c Mohiuddin Alamgir.
|
| 260 |
|
|
|a Dhaka :
|b Programme for Research on Poverty Alleviation,
|c 1998.
|
| 300 |
|
|
|a 55 pages ;
|c 24 cm.
|
| 541 |
|
|
|a Donated By Akbar Ali Khan
|e 39273
|
| 650 |
|
|
|a Economics.
|9 52620
|
| 651 |
|
|
|a Bangladesh
|x Economic conditions.
|9 52621
|
| 651 |
|
|
|a Bangladesh
|x Social conditions.
|9 52622
|
| 852 |
|
|
|a Ayesha Abed Library
|c Akbar Ali Khan Collection
|
| 942 |
|
|
|2 ddc
|c BK
|
| 952 |
|
|
|0 0
|1 0
|2 ddc
|4 0
|6 330_954920000000000_ALA
|7 1
|9 72414
|a BRACUL
|b BRACUL
|c AAKC
|d 2022-11-28
|e Donated by Akbar Ali Khan
|l 0
|o 330.95492 ALA
|p 3010039273
|r 2022-11-28
|t 1
|w 2022-11-28
|y BK
|